| 000 | 01548cam a2200361 a 4500 | ||
|---|---|---|---|
| 001 | EDZ0000072189 | ||
| 003 | StDuBDS | ||
| 005 | 20161031105107.0 | ||
| 006 | m||||||||d|||||||| | ||
| 007 | cr ||||||||||| | ||
| 008 | 120412s2007 enka fo| 000|0|eng d | ||
| 020 |
_a9781446213339 (ebook) : _cNo price |
||
| 040 |
_aStDuBDS _beng _cStDuBDS _epn |
||
| 049 | _aAlfaisal Main Library | ||
| 050 | 4 | _aLC268 | |
| 082 | 0 | 4 |
_a370.114 _223 |
| 100 | 1 | _aPryce, Tony. | |
| 245 | 1 | 0 |
_aCircle time sessions for relaxation and imagination _h[electronic resource] / _cTony Pryce. |
| 260 |
_aLondon : _bPaul Chapman, _c2007. |
||
| 300 |
_a1 online resource (88 p.) : _bill. |
||
| 500 | _a"A Lucky Duck book". | ||
| 504 | _aIncludes bibliographical references. | ||
| 520 | 8 | _aUsing the popular technique of 'circle time', this book provides a range of exercises to promote relaxation, inner confidence and a positive sense of self through the use of visualization. The exercises are accompanied by questions, discussion prompts and worksheets. | |
| 521 | _aSpecialized. | ||
| 588 | _aDescription based on print version record. | ||
| 650 | 0 |
_aSelf-esteem _xStudy and teaching (Elementary) _zGreat Britain. |
|
| 650 | 0 |
_aSelf-esteem _xStudy and teaching (Secondary) _zGreat Britain. |
|
| 655 | 7 |
_aElectronic books. _2local |
|
| 710 | 2 | _aSage eBooks | |
| 776 | 0 | 8 |
_iPrint version : _z9781412920186 |
| 856 | 4 | 0 | _uhttp://ezproxy.alfaisal.edu/login?url=http://sk.sagepub.com/books/circle-time-sessions-for-relaxation-and-imagination |
| 942 |
_2lcc _cEBOOKS |
||
| 999 |
_c479192 _d479192 |
||